000 00901cam a2200277 a 4500
999 _c1530
_d1530
001 13073882
003 OSt
005 20210206132017.0
008 030129s2003 onca b 001 0 eng
010 _a 2003265018
020 _a1550091514
040 _aDLC
_cDLC
_dDLC
050 0 0 _aRF126
_b.S5 2003
082 0 0 _aWV 200 G76g 2003
_221
100 1 _aGlasscock, Michael E.; Aina, Julianna Gulya.
_cIII,
_94017
245 1 0 _aGlasscock-Shambaugh Surgery of the Ear
250 _a5th ed.
260 _aHamilton, Ont. :
_bBC Decker,
_cc2003.
300 _axvi, 808 p. :
_bill. ;
_c29 cm. +
_e1 CD-ROM (4 3/4 in.)
504 _aIncludes bibliographical references and indexes.
650 0 _aEar
_94018
650 2 _aENT Surgery
_94019
906 _a7
_bcbc
_corigcop
_d2
_encip
_f20
_gy-gencatlg
942 _2z
_cSLOAN